Paroles drôles/hardcore du rap français - Statistiques

Statistiques générales
  • Ce quiz a été pris 325 fois
  • Le résultat moyen est 4 sur 15
Statistiques - réponses
Hint Réponse % Correct
Leurs albums sont pétés, j’prends pas l’temps d’recycler, j’mets tout dans la poubelle jaune Kaaris
84%
J'les b*ise mais pas sans leurs talons, passe le mot à Cendrillon Booba
81%
Ton cercueil, il n'y a que là que j'ai touché du bois, tu m'fais chier comme Arthur au nouvel an Damso
41%
Inconnu, inconnu, inconnu, tu ne sers à rien comme un brocoli Niska
41%
Ta reum au début, c'était rien qu'un plan c*l à ton père, tu vas pas nous la faire SCH
30%
Le type est tellement homophobe il caresse pas son chien Orelsan
29%
Le studio est allemand, italiennes sont les bagnoles Les concerts sont américains, les br*nlettes sont espagnoles Nekfeu
28%
En fait, j'suis un flic, (Ah starfoullah), j'hagar des gens sans motif Ziak
18%
Pourquoi tu parles comme ça ? Marion c'est ma copine (C'est ma halal cousin) Sofiane
15%
Dis pas à un zoophile que t'as un chat dans la gorge Seth Gueko
7%
Les flics ont une matraque, bah moi, j'ai une grosse b*te Sadek
6%
Sous alcool, même le plus gros thon devient une belle sirène Alpha Wann
5%
Comme Caitlyn Jenner, on a grandi sans règles Dinos
5%
Je fais ressortir mes mauvais cotés comme un obèse qui porte un slip de bain Hugo TSR
2%
T'es mieux sur les photos comme un foodporn Nepal
2%
Aucun quiz correspondant
Distribution des résultats
% des personnes avec chaque résultat
Percentile par nombre de réponses
Votre historique - résultats
Vous n’avez pas pris ce quiz